000 00268nam a2200133Ia 4500
100 _aJain P.C
942 _cBK
654 _aPractice
245 _aWorkshop Practice
260 _bSomaiya Publications
_c1973
082 _a670.4
300 _a162
546 _aENGLISH
999 _c26512
_d26512